000 00327nam a2200157Ia 4500
100 _aCoffin/Caroline
650 _aGrammar
942 _cBK
366 _f20
245 _aApplying English Grammar
260 _bHodder Arnold
_c2011
082 _a371.2
_bCOF
300 _a311
546 _aENGLISH
_cComputers
999 _c25134
_d25134